000 00445nam a22001817a 4500
003 OSt
005 20260330102255.0
008 260330b |||||||| |||| 00| 0 eng d
020 _a9789358567618
040 _cBGL
082 _a294.6 CHA:R
100 _aChahal S. Maneshwar
245 _aWay to GOD in Sikhism : Rehras Sahib & Sohila
260 _aNEW DELHI
_bFINGERPRINT
_c2025
300 _a279p
650 _aGeneral
942 _2ddc
_cGB
999 _c44341
_d44341